[Event "VAM Hoogeveen op"]
[Site "Hoogeveen"]
[Date "1997.??.??"]
[Round "4"]
[White "Bosch, Jeroen"]
[Black "Polgar, Sofia"]
[Result "1/2-1/2"]
[WhiteElo "2405"]
[BlackElo "2475"]
[PlyCount "123"]
[EventDate "1997.10.??"]
[EventType "swiss"]
[EventRounds "9"]
[EventCountry "NED"]
[SourceTitle "CBM 060 Extra"]
[Source "ChessBase"]
[SourceDate "1997.11.04"]
[SourceVersion "1"]
[SourceVersionDate "1997.11.04"]
[SourceQuality "1"]

1. e4 c5 2. Nf3 Nc6 3. d4 cxd4 4. Nxd4 Nf6 5. Nc3 d6 6. Bc4 Qb6 7. Nxc6 bxc6 8. 0-0 g6 9. Be3 Qxb2 10. Bd4 e5 11. Rb1 Qa3 12. Rb3 Qa5 13. Be3 Be7 14. Bg5 Qc5 15. Bxf6 Bxf6 16. Qf3 Qxc4 17. Qxf6 0-0 18. Qxd6 Qe6 19. Qc7 Qf6 20. Ra3 Qg5 21. h4 Qxh4 22. Qxe5 Be6 23. Qc5 Qf6 24. Ra6 Rfc8 25. Re1 h5 26. Re3 h4 27. Rf3 Qd8 28. Rd3 Qf6 29. Rf3 Qd8 30. Rd3 Qf6 31. Rxa7 Rab8 32. Rf3 Qd8 33. Rd3 Qf6 34. Rf3 Qd8 35. Qe5 Ra8 36. Rd3 Rxa7 37. Rxd8+ Rxd8 38. Qg5 Rd4 39. Qxh4 Rd2 40. e5 Bf5 41. Ne4 Bxe4 42. Qxe4 Rd5 43. c4 Rda5 44. f4 Rxa2 45. Qxc6 R7a6 46. Qd5 Kg7 47. Kh2 Rc2 48. c5 Re6 49. Kh3 Re8 50. Qd4 Kg8 51. Qd7 Re6 52. Qd5 Re8 53. g4 Rc8 54. e6 R8xc5 55. exf7+ Kg7 56. Qe6 R5c3+ 57. Kh4 Rh2+ 58. Kg5 Rc5+ 59. f5 Rxf5+ 60. gxf5 Rh5+ 61. Kg4 Rxf5 62. Qxf5 1/2-1/2